Statistiques concernant Géographie par image - P

Cliquez ici pour prendre le quiz!

Statistiques générales

  • Ce quiz a été pris 4,556 fois
  • Le résultat moyen est 11 sur 18

Statistiques - réponses

Answer % Correct
Paris
97%
Pérou
95%
Pise
95%
Pologne
89%
Canal de {Panama}
83%
Parthénon
79%
Golfe {Persique}
75%
Palestine
70%
Presqu'île
68%
Pompéi
56%
Pampelune
55%
Palaos
53%
Patagonie
52%
Prague
51%
Rio de la {Plata}
41%
Pyongyang
23%
{Pas} {de} {Calais}
16%
Pinatubo
15%

Distribution des résultats

Percentile par nombre de réponses

% des personnes avec chaque résultat

Votre développement - résultats

Vous n’avez pas pris ce quiz